Jean-Pierre Melville

Guardat en:
Dades bibliogràfiques
Autor principal: Wagner, Jean (Autor)
Format: Llibre
Idioma:francès
Publicat: París Seghers 1963
Col·lecció:Cinéma D'Aujourd'Hui, 20
Matèries:
Etiquetes: Afegir etiqueta
Sense etiquetes, Sigues el primer a etiquetar aquest registre!

MARC

LEADER 00000nam a2200000 a 4500
001 UCV8364
003 CL-VaPUC
008 910430e19630000FR |||||||||||||||||fre|d
082 0 4 |a 791.4309  |b WAG  |2 21 
100 0 |a Wagner, Jean  |e author  |9 302435 
245 1 0 |a Jean-Pierre Melville 
300 |a 183 p 
942 |c BK 
945 |d 19910430 00:00:00 
260 |a París  |b Seghers  |c 1963 
500 |a Bibliografía: p. 184. 
600 0 7 |a MELVILLE, JEAN PIERRE  |2 CL-VaPUC  |9 266530 
650 7 |a PRODUCTORES Y DIRECTORES DE CINEFRANCIA.  |2 CL-VaPUC  |9 266531 
583 |a last modification  |c 20180314 14:48:58  |k Rodrigo Vera 
490 0 |a Cinéma D'Aujourd'Hui, 20 
999 |c 213894  |d 213892 
952 |0 0  |1 0  |4 0  |6 791_430900000000000_WAG_1963  |7 0  |8 P  |9 196737  |a BIBART  |b BIBART  |d 2019-11-14  |i 1207466  |o 791.4309 WAG 1963  |p 1207466  |r 2025-03-13  |w 2019-11-14  |y BK  |k ART